000 00553nam a2200193Ia 4500
003 GCL
008 140319s9999 xx 000 0 ara d
040 _aGCL /
_cGCL
082 0 4 _aد
_b050
100 1 _aنجاتى صدقى
245 1 0 _aبوشكين :امير شعراء روسيا (اقرا 28 ) /
_cنجاتى صدقى
300 _a136
490 _aاقرأ
_v0
650 0 4 _aالشعراء
650 0 4 _aالشعراء - تراجم
650 0 4 _aبوشكين , الكسندر
650 0 4 _aالشعراء الروسيون
942 _2ddc
_cBK
999 _c48848
_d48848